000 00525nam a2200169 i 4500
001 142456
003 ES-MaACL
005 20230906200527.0
007 t|
008 071005s1926 sp ||||1| spa d
100 1 _aViladrich, Miguel.
_9114758
245 1 3 _aLa obra del artista en 84 cuadros /
_cM. Viladrich ; con un prefacio de Luis BertrĂ¡n.
260 _aBuenos Aires :
_b[s.n.],
_c1926 (
_fImp. Caras y Caretas)
300 _aXXVII, 84 p. ;
_c26 cm.
700 1 _aBertrĂ¡n, Luis.
_928495
852 _aES-MaACL
_jA-4283
999 _c142456
_d142456